Statistics for Mini Metro Cities

Click here to take the quiz!

General Stats

  • This quiz has been taken 39 times
  • The average score is 14 of 20

Answer Stats

Answer% Correct
London
100%
New York
91%
Paris
91%
Melbourne
82%
Berlin
79%
Hong Kong
79%
Shanghai
76%
Istanbul
74%
Osaka
68%
San Francisco
68%
Sao Paulo
68%
Cairo
65%
Mumbai
65%
Seoul
65%
St Petersburg
65%
Singapore
62%
Washington DC
62%
Stockholm
59%
Montreal
56%
Auckland
53%

Score Distribution

Percentile by Number Answered

Percent of People with Each Score

Your Score History

You have not taken this quiz